| 000 | 01010nam a22001937a 4500 | ||
|---|---|---|---|
| 003 | OSt | ||
| 005 | 20250911135431.0 | ||
| 008 | 250911b |||||||| |||| 00| 0 eng d | ||
| 040 | _cDCL | ||
| 082 | _a၂၉၄.၃၈ | ||
| 100 | 1 | _aကရုဏာဒသ၊ ဝိုင် | |
| 245 | 1 | 0 |
_aမူလမြတ်ဒေသနာ( မဇ္ဈိမဒေသနာနှင့် မဇ္ဈိမပဋိပဒါ) / _cဝိုင် ကရုဏဒသ၊ ဘာသာပြန်သူ GoG အဖွဲ့သားများ။ |
| 260 |
_aရန်ကုန် ၊ _bသားငယ်စာပေ ၊ _c၂၀၂၅။ |
||
| 300 |
_a၃၃၀ စာမျက်နှာ ၊ _c၂၁ စင်တီ။ |
||
| 500 | _aEarly Buddhist Teachings : The Meddle Position in theory and practice by Prof. Y. Karunadasa. | ||
| 650 | _aဗုဒ္ဓတရားတော် | ||
| 700 |
_a GoG အဖွဲ့သားများ၊ _eဘာသာပြန်သူ |
||
| 942 |
_2ddc _cLONG TERM _n0 |
||
| 999 |
_c2217 _d2217 |
||